| 000 | 00660cam a2200217 4500 | ||
|---|---|---|---|
| 001 | ABS61800 | ||
| 008 | 000000n1999 000 0 eng u | ||
| 035 | _a(Sirsi) u103759 | ||
| 100 | _aArtz, V. | ||
| 245 | 4 | _aThe legal implications of e-commerce | |
| 260 | _c1999 | ||
| 490 |
_aRural Property Bulletin _vNovember/December 1999, 30-31(2) |
||
| 520 | _aOutlines the legal pitfalls of doing business on the Internet. Offers advice on protecting your rights. | ||
| 590 | _aABS | ||
| 650 | _aINTERNET | ||
| 650 | _aWORLD WIDE WEB | ||
| 650 | _aE-COMMERCE | ||
| 650 | _aE-COMMERCE DIRECTIVE | ||
| 690 | _aINFORMATION TECHNOLOGY-INTERNET | ||
| 942 | _n0 | ||
| 999 |
_c62312 _d62312 |
||